000 00332nam a2200145Ia 4500
100 _aGhoshal/Sumantra
942 _cRB
654 _aManaging radical
245 _aManaging Radical with Indian Companies Change
260 _bViking
_c2000
082 _a658.406
_bGHO/PIR
300 _a344
546 _aENGLISH
999 _c32096
_d32096